Normal view
MARC view
- Niebuhr, H. Richard
Entry Personal Name
001 - CONTROL NUMBER
- control field: 7686
003 - CONTROL NUMBER IDENTIFIER
- control field: NUST
005 - DATE AND TIME OF LATEST TRANSACTION
- control field: 20171227112440.0
008 - FIXED-LENGTH DATA ELEMENTS
- fixed length control field: 171227|| aca||aabn | a|a d
040 ## - CATALOGING SOURCE
- Original cataloging agency: NUST
- Transcribing agency: NUST
100 ## - HEADING--PERSONAL NAME
- Personal name: Niebuhr, H. Richard
- Fuller form of name: (Helmut Richard),
- Dates associated with a name: 1894-1962.
670 ## - SOURCE DATA FOUND
- Source citation: Work cat.: (NUST)0: Niebuhr, H. Richard (Helmut Richard), 1894-1962., Faith on earth :, 1989.
